LIBRARY & INFORMATION CENTRE, KCAET, TAVANUR

ONLINE PUBLIC ACCESS CATALOGUE (OPAC)

Social welfare in india (Record no. 17586)

MARC details
000 -LEADER
fixed length control field 00271nam a22001217a 4500
003 - CONTROL NUMBER IDENTIFIER
control field OSt
008 - FIXED-LENGTH DATA ELEMENTS--GENERAL INFORMATION
fixed length control field 221123b |||||||| |||| 00| 0 eng d
041 ## - LANGUAGE CODE
Language code of text/sound track or separate title eng
082 ## - DEWEY DECIMAL CLASSIFICATION NUMBER
Classification number 361
Item number JAW/SO
100 ## - MAIN ENTRY--AUTHOR NAME
Personal name Jawaharlal Nehru
245 ## - TITLE STATEMENT
Title Social welfare in india
942 ## - ADDED ENTRY ELEMENTS (KOHA)
Koha item type Books
Holdings
Withdrawn status Lost status Damaged status Home library Current library Shelving location Date acquired Full call number Accession Number Koha item type
Withdrawn     KAUAET Malayalam University Old Collection 23/11/2022 361 JAW/SO 2631 Books
free website counter